Rosa Luxemburg: (Record no. 11070)
[ view plain ]
| 000 -LEADER | |
|---|---|
| fixed length control field | 00688 a2200205 4500 |
| 010 ## - LIBRARY OF CONGRESS CONTROL NUMBER | |
| LC control number | ENG-89640 |
| 020 ## - INTERNATIONAL STANDARD BOOK NUMBER | |
| Terms of availability | 150.00 |
| 035 ## - SYSTEM CONTROL NUMBER | |
| System control number | EN-73173 |
| 037 ## - SOURCE OF ACQUISITION | |
| Source of stock number/acquisition | DBAD / PUB |
| 082 14 - DEWEY DECIMAL CLASSIFICATION NUMBER | |
| Classification number | 921 |
| 090 ## - LOCALLY ASSIGNED LC-TYPE CALL NUMBER (OCLC); LOCAL CALL NUMBER (OCLC) | |
| -- | 11379 |
| -- | 11379 |
| 100 1# - MAIN ENTRY--PERSONAL NAME | |
| Personal name | Ray, Nirmal |
| 245 1# - TITLE STATEMENT | |
| Title | Rosa Luxemburg: |
| Remainder of title | a revolutionary socialist/ |
| Statement of responsibility, etc | by Nirmal Ray |
| 260 ## - PUBLICATION, DISTRIBUTION, ETC. (IMPRINT) | |
| Place of publication, distribution, etc | Kolkata |
| Name of publisher, distributor, etc | Kalpana Sen |
| Date of publication, distribution, etc | 2005 |
| 270 ## - ADDRESS | |
| Address | P 494 A,. Keyatala Road, |
| City | Kolkata |
| State or province | Kolkata |
| Postal code | 700029 |
| Telephone number | 24652507 |
| 300 ## - PHYSICAL DESCRIPTION | |
| Extent | v.1 (xx, 263p.) |
| Dimensions | 23 cm ( Pbk.) |
| 500 ## - GENERAL NOTE | |
| General note | Includes bibliographical references & index. |
| 942 ## - ADDED ENTRY ELEMENTS (KOHA) | |
| Institution code [OBSOLETE] | dpl |
| Koha item type | English Books |
| Call number prefix | 921/ LUX |
| Withdrawn status | Lost status | Source of classification or shelving scheme | Damaged status | Not for loan | Collection code | Home library | Current library | Source of acquisition | Cost, normal purchase price | Total Checkouts | Total Renewals | Full call number | Barcode | Date last seen | Copy number | Uniform Resource Identifier | Cost, replacement price | Price effective from | Koha item type |
|---|---|---|---|---|---|---|---|---|---|---|---|---|---|---|---|---|---|---|---|
| Dewey Decimal Classification | Not For Loan | Non-fiction | D.B.Act.Division | D.B.Act.Division | DBAD/PUB | 150.00 | 921 | EN-73173 | 15/09/2008 | 1 | 12174 | 150.00 | 15/09/2008 | English Books |
